Guerras sin fin (Registro nro. 192807)
[ vista simple ]
| 000 -CABECERA | |
|---|---|
| campo de control de longitud fija | 00851naa a22002657i 4500 |
| 001 - NÚMERO DE CONTROL | |
| campo de control | 192807 |
| 003 - IDENTIFICADOR DEL NÚMERO DE CONTROL | |
| campo de control | ES-MaBCM |
| 005 - FECHA Y HORA DE LA ÚLTIMA TRANSACCIÓN | |
| campo de control | 20230301083858.0 |
| 008 - CÓDIGOS DE INFORMACIÓN DE LONGITUD FIJA | |
| campo de control de longitud fija | 130304b2011 sp||||| |||| 00| 0 spa d |
| 021 ## - | |
| -- | xx |
| 035 ## - NÚMERO DE CONTROL DEL SISTEMA | |
| Número de control de sistema | (OCoLC)1365226652 |
| 040 ## - FUENTE DE LA CATALOGACIÓN | |
| Centro transcriptor | ES-MaBCM |
| 100 ## - PUNTO DE ACCESO PRINCIPAL - NOMBRE DE PERSONA | |
| 9 (RLIN) | 61021 |
| Nombre de persona | Ferrándiz Martín, Francisco |
| 245 ## - MENCIÓN DE TÍTULO | |
| Título | Guerras sin fin |
| Resto del título | guía para descifrar el Valle de los Caídos en la España contemporánea |
| Mención de responsabilidad etc. | Francisco Ferrandiz |
| 520 ## - SUMARIO, ETC. | |
| Sumario etc. | Contiene bibliografía |
| 650 #7 - PUNTO DE ACCESO ADICIONAL DE MATERIA--TÉRMINO DE MATERIA | |
| Término de materia o nombre geográfico como elemento inicial | Guerra civil |
| 9 (RLIN) | 58847 |
| 650 #7 - PUNTO DE ACCESO ADICIONAL DE MATERIA--TÉRMINO DE MATERIA | |
| Término de materia o nombre geográfico como elemento inicial | Monumento |
| 9 (RLIN) | 59476 |
| 650 #7 - PUNTO DE ACCESO ADICIONAL DE MATERIA--TÉRMINO DE MATERIA | |
| Término de materia o nombre geográfico como elemento inicial | Violencia |
| 9 (RLIN) | 60625 |
| 650 #7 - PUNTO DE ACCESO ADICIONAL DE MATERIA--TÉRMINO DE MATERIA | |
| Término de materia o nombre geográfico como elemento inicial | Antropología política |
| 9 (RLIN) | 57560 |
| 651 #4 - PUNTO DE ACCESO ADICIONAL DE MATERIA--NOMBRE GEOGRÁFICO | |
| Nombre geográfico | España |
| 9 (RLIN) | 115342 |
| 650 #0 - PUNTO DE ACCESO ADICIONAL DE MATERIA--TÉRMINO DE MATERIA | |
| Término de materia o nombre geográfico como elemento inicial | Víctima de guerra |
| 9 (RLIN) | 126773 |
| 773 0# - ENLACE AL DOCUMENTO FUENTE | |
| Encabezamiento principal | En |
| Lugar editor y fecha de publicación | Madrid |
| Parte(s) relacionada(s) | Vol. 48, n. 3 (mayo-ag. 2011), . 481-500 |
| Título | Política y sociedad |
| Número de control del registro relacionado | 204740 |
| 942 ## - ELEMENTOS DE PUNTO DE ACCESO ADICIONAL (KOHA) | |
| Fuente del sistema de clasificación o colocación | Universal Decimal Classification |
| Tipo de ítem Koha | Artículos de revistas |
| Estado de retiro | Estado de pérdida | Fuente del sistema de clasificación o colocación | Estado dañado | No para préstamo | Localización permanente | Ubicación/localización actual | Fecha de adquisición | Fecha visto por última vez | Precio válido a partir de | Tipo de ítem Koha |
|---|---|---|---|---|---|---|---|---|---|---|
| Universal Decimal Classification | Biblioteca Central del Ministerio de la Presidencia | Biblioteca Central del Ministerio de la Presidencia | 04/03/2013 | 04/03/2013 | 04/03/2013 | Artículos de revistas |
